LEADER 01373nam a2200289 i 4500 001 000000198890 003 CaOOAMICUS 005 20240516161805.0 008 140428s1972 it u000 u ita u 040 $aSeMil$bita 245 00$aTre cattolici liberali :$bAlessandro Casati, Tommaso Gallarati Scotti, Stefano Jacini /$ca cura di Alessandro Pellegrini. 260 $aMilano :$bAdelphi,$c1972. 300 $a361 p. ;$c23 cm. 541 0 $aFondo card. Giovanni Colombo (3GC III 58) 600 14$aGallarati Scotti, Tommaso <1878-1966>.$0(OLS)http://semarc/subject/9377 600 14$aCasati, Alessandro <1881-1955>.$0(OLS)http://semarc/subject/31317 600 14$aJacini, Stefano .$0(OLS)http://semarc/subject/55708 700 1 $aPellegrini, Alessandro,$d<1897-1985>.$0(OLS)http://semarc/name/35674 850 $aSeMil 852 $aSeMil$W1$xVenegono$y1$m3GC III 58$j149443$B149443$CSeMilBibl$Z2$F160841 $8B 852 $aSeMil$W1$xVenegono$y1$m3J III 425$j248311$B115993$CSeMilBibl$Z2$F126814 $81 941 1 $a3 961 $aRecupero: Altro 961 $aLascito: Colombo Card. Giovanni 996 $6245$aTre cattolici liberali :$bAlessandro Casati, Tommaso Gallarati Scotti, Stefano Jacini$9(OLS)http://semarc/title/287521 996 $6260$aMilano :$bAdelphi$9(OLS)http://semarc/publisher/30018 LEADER 01163nam a2200205 i 4500 001 000000198503 003 CaOOAMICUS 005 20110309000000.0 008 110309n it u000 u ita u 013 $a177191 040 $aSeMil$bita 245 10$aIn occasione di premi distribuiti agli alunni del Ginnasio di Bagnacavallo a' 5. ottobre 1834 il magistrato inteso a rendere solenni azioni di grazie al reverendo D. Giuseppe Tarroni ... questo discorso del signor Paolo de' Conti Folicaldi .. 260 $a[S.l. :$bs.n.,$c1834]$e(Lugo :$fTip. Melandri,$g1834]) 300 $a13 p. ;$c21 cm. 700 1 $aFolicaldi, Paolo.$0(OLS)http://semarc/name/71844 773 0 $t[Miscellanea.$w()24521 850 $aSeMil 852 $aSeMil$W1$xVenegono$y1$m5B I 14/1 FA$j149059$B149059$CSeMilBibl$Z2$F160686 $8I 996 $6245$aIn occasione di premi distribuiti agli alunni del Ginnasio di Bagnacavallo a' 5. ottobre 1834 il magistrato inteso a rendere solenni azioni di grazie al reverendo D. Giuseppe Tarroni ... questo discorso del signor Paolo de' Conti Folicaldi ..$9(OLS)http://semarc/title/286862 996 $6260$a[S.l. :$bs.n.$9(OLS)http://semarc/publisher/31686